Memoria correspondiente al año 1929 presentada al señor Ministro de Educación Pública por el rector de la universidad de Chile
保存先:
| 団体著者: | |
|---|---|
| フォーマット: | 図書 |
| 言語: | スペイン語 |
| 出版事項: |
Santiago
Universidad de Chile
1930
|
| 主題: | |
| タグ: |
タグ追加
タグなし, このレコードへの初めてのタグを付けませんか!
|
MARC
| LEADER | 00000nam a2200000 a 4500 | ||
|---|---|---|---|
| 001 | UCS3332 | ||
| 003 | CL-VaPUC | ||
| 008 | 970620e19300000CL |||||||||||||||||spa|d | ||
| 082 | 0 | 4 | |a 378 |b UNI |2 21 |
| 110 | 2 | |a Universidad de Chile |e author |9 389378 | |
| 245 | 1 | 0 | |a Memoria correspondiente al año 1929 presentada al señor Ministro de Educación Pública por el rector de la universidad de Chile |
| 300 | |a 56 p | ||
| 942 | |c BK | ||
| 945 | |d 19970620 00:00:00 |a lriquelm | ||
| 260 | |a Santiago |b Universidad de Chile |c 1930 | ||
| 650 | 0 | |a Educación superior |9 223851 | |
| 650 | 7 | |a ESCUELAS PROFESIONALES |2 CL-VaPUC |9 335542 | |
| 650 | 7 | |a REGLAMENTOS EDUCACIONALES |2 CL-VaPUC |9 356057 | |
| 650 | 0 | |a Universidades |9 256317 | |
| 650 | 7 | |a MEMORIAS |2 CL-VaPUC |9 269159 | |
| 651 | 7 | |a CHILE |2 CL-VaPUC |9 389379 | |
| 583 | |a last modification |c 20170606 10:55:04 |k Rodrigo Vera | ||
| 999 | |c 261072 |d 261070 | ||
| 952 | |0 0 |1 0 |4 0 |6 378_000000000000000_UNI_1930 |7 0 |8 P |9 287859 |a BIBDER |b BIBDER |d 2019-11-19 |i 1868241 |o 378 UNI 1930 |p 1868241 |r 2023-01-25 |w 2019-11-19 |y BK |k DER | ||